D:llä alkavat kaupungit kartalla - Statistics

Yleistilastot
  • Tätä visaa on pelattu 34 kertaa
  • Keskiarvotulos 17 / 30
Vastaukset kartalla
Vastauksille on annettu kartalla punavihreä väri sen mukaan, kuinka moni on saanut sen oikein.
 
Vastaustilastot
kaupunki % Oikein
Dublin
97%
Dhaka
90%
Delhi
86%
Düsseldorf
86%
Damaskos
83%
Detroit
83%
Doha
83%
Dakar
79%
Dallas
79%
Dubai
72%
Djibouti
69%
Donetsk
69%
Dresden
69%
Denver
66%
Dar es Salaam
62%
Dušanbe
55%
Darwin
52%
Dijon
52%
Dili
52%
Dodoma
52%
Durban
45%
Dundee
41%
Des Moines
28%
Daegu
24%
Douala
21%
Dalian
17%
Dammam
17%
Davao
17%
Da Nang
14%
Dongguan
14%
Ehtoja vastaavia visoja ei löytynyt
Tulosjakauma
Jokaisen tuloksen saaneiden osuus
Persentiili vastausten määrän mukaan
Tuloshistoriasi
Et ole pelannut tätä visaa